Polskie miasta z więcej niż 1 Bazyliką - Statystyki

Ogólne statystyki
  • Ten quiz został rozwiązany 30 razy
    23 od ostatniego zresetowania
  • Średni wynik to 7 z 9
Statystyki odpowiedzi
Ilość Miejscowość % Poprawnych
4 Gdańsk
100%
11 Kraków
100%
4 Warszawa
100%
3 Poznań
95%
2 Katowice
82%
2 Szczecin
82%
2 Częstochowa
64%
2 Bydgoszcz
59%
2 Dąbrowa Górnicza
9%
Nie znaleziono quizów pasujących do podanych kryteriów
Rozkład punktacji
Procent ludzi z każdym wynikiem
Percentyl według liczby udzielonych odpowiedzi
Twoja historia wyników
Nie rozwiązałeś tego quizu od ostatniego zresetowania